Statistics for Guess the Taylor Swift song with no hints #6

Click here to take the quiz!

General Stats

  • This quiz has been taken 153 times
  • The average score is 158 of 233

Answer Stats

Answer% Correct
I
100%
a
99%
the
98%
you
95%
and
94%
in
94%
it
94%
me
94%
to
90%
who
90%
my
89%
okay
89%
on
89%
do
88%
i'm
88%
this
86%
so
85%
what
85%
know
83%
be
82%
don't
81%
i'll
76%
all
74%
just
72%
but
71%
not
71%
one
66%
girl
65%
want
65%
oh
64%
'cause
58%
only
56%
world
56%
could
54%
place
53%
see
53%
that's
53%
out
52%
find
50%
trying
50%
down
49%
ask
47%
got
47%
own
44%
yeah
44%
way
43%
tell
42%
still
39%
alone
38%
goes
37%
life
37%
though
36%
even
33%
figure
32%
need
32%
heart
31%
what's
31%
road
30%
wrong
30%
strong
29%
ready
27%
blue
26%
feeling
26%
feels
26%
mission
26%
more
26%
old
26%
walking
26%
maybe
25%
jeans
22%
radio
22%
sleeve
22%
wearing
21%
coming
20%
lucky
20%
rain
20%
sunshine
20%
through
20%
today
20%
fly
19%
mystery
19%
tommorow's
8%

Score Distribution

Percentile by Number Answered

Percent of People with Each Score

Your Score History

You have not taken this quiz